[Event "Madrid ch 2004 - Final"]
[Site "Madrid ESP"]
[Date "2004.03.18"]
[Round "5.1"]
[White "Gallardo Garcia, Andres"]
[Black "Roa Alonso, Santiago"]
[Result "1/2-1/2"]
[WhiteElo "2297"]
[BlackElo "2344"]
[PlyCount "43"]
[EventDate "2004.03.09"]
[EventType "tourn"]
[EventRounds "11"]
[EventCountry "ESP"]
[EventCategory "2"]
[Source "lmi"]
[SourceDate "2004.03.09"]

1. e4 g6 2. d4 Bg7 3. Nc3 d6 4. Nf3 a6 5. a4 Bg4 6. Be2 Nc6 7. Be3 e5 8. dxe5
Bxf3 9. Bxf3 Nxe5 10. Be2 Ne7 11. O-O O-O 12. f4 Nd7 13. f5 Nc6 14. Nd5 Be5 15.
f6 Nxf6 16. Bg5 Nxd5 17. Bxd8 Ne3 18. Qd3 Raxd8 19. c3 Nxf1 20. Rxf1 Rde8 21.
Qd5 Bg7 22. Bc4 1/2-1/2

[Event "Madrid ch 2004 - Final"]
[Site "Madrid ESP"]
[Date "2004.03.18"]
[Round "5.2"]
[White "Lopez de Turiso, Jose Angel"]
[Black "Nuñez Garcia, Alberto "]
[Result "1/2-1/2"]
[WhiteElo "2149"]
[BlackElo "2205"]
[PlyCount "122"]
[EventDate "2004.03.09"]
[EventType "tourn"]
[EventRounds "11"]
[EventCountry "ESP"]
[EventCategory "2"]
[Source "lmi"]
[SourceDate "2004.03.09"]

1. e4 c5 2. c3 d6 3. d4 Nc6 4. d5 Nb8 5. f4 Nf6 6. Nf3 g6 7. Bd3 Bg7 8. h3 O-O
9. O-O e6 10. dxe6 Bxe6 11. f5 Bd7 12. e5 dxe5 13. Nxe5 Bxf5 14. Bxf5 Qxd1 15.
Rxd1 gxf5 16. Na3 Ne4 17. Bf4 Re8 18. Nec4 Nc6 19. Nb5 Nxc3 20. Nxc3 Bxc3 21.
bxc3 Re4 22. Nd6 Rxf4 23. Nxb7 c4 24. Rf1 Rxf1+ 25. Rxf1 Ne7 26. Nd6 Nd5 27.
Rf3 f4 28. Nxc4 Rc8 29. Ne5 Nxc3 30. a3 Ne2+ 31. Kh2 Re8 32. Nc6 a6 33. Nb4 a5
34. Nd5 Rb8 35. Nxf4 Nd4 36. Rd3 Nc2 37. Rc3 Rb2 38. Rc5 Nxa3 39. Rxa5 Nc4 40.
Rc5 Ne3 41. Kg3 Nf1+ 42. Kh4 Rb4 43. g3 h6 44. Kg4 Rb3 45. Rc8+ Kh7 46. Nh5
Ne3+ 47. Kf4 Nd5+ 48. Ke5 Ne7 49. Rc5 Ng6+ 50. Kf6 Rf3+ 51. Rf5 Rxf5+ 52. Kxf5
Kg8 53. Kf6 Nf8 54. g4 Nh7+ 55. Ke7 Ng5 56. h4 Nf3 57. Nf6+ Kg7 58. h5 Ne5 59.
Ne8+ Kg8 60. Nd6 Nxg4 61. Nxf7 Kg7 1/2-1/2

[Event "Madrid ch 2004 - Final"]
[Site "Madrid ESP"]
[Date "2004.03.18"]
[Round "5.3"]
[White "Rodriguez Gonzalez, Javier"]
[Black "Perez Gonzalez, Jose Manuel"]
[Result "0-1"]
[WhiteElo "2252"]
[BlackElo "2303"]
[PlyCount "90"]
[EventDate "2004.03.09"]
[EventType "tourn"]
[EventRounds "11"]
[EventCountry "ESP"]
[EventCategory "2"]
[Source "lmi"]
[SourceDate "2004.03.09"]

1. d4 d6 2. e4 Nf6 3. Bd3 g6 4. Ne2 Bg7 5. O-O O-O 6. Bg5 c5 7. c3 cxd4 8. cxd4
Nc6 9. Nd2 Bd7 10. h3 Rc8 11. a3 a6 12. Kh1 b5 13. b4 Qb6 14. Be3 Qb7 15. Nb3
e6 16. Qd2 Rc7 17. f4 Ne7 18. Ng3 Bc6 19. e5 dxe5 20. Nc5 Qa8 21. dxe5 Nd7 22.
Nge4 Nxc5 23. Nxc5 Rd8 24. Qe2 Bf8 25. Bg1 Nd5 26. Ne4 Be7 27. Rac1 Bb7 28.
Rxc7 Nxc7 29. Bc2 Nd5 30. Bc5 Bxc5 31. bxc5 Ne7 32. Nd6 Bd5 33. Qf2 Rd7 34. Rc1
Rc7 35. Bd3 Nc6 36. Kh2 Na5 37. g4 Nb3 38. Rc2 Qd8 39. h4 Nxc5 40. Rd2 Nxd3 41.
Rxd3 Rc1 42. Ne4 Rh1+ 43. Kxh1 Bxe4+ 44. Rf3 Qd3 45. Kg2 Qxa3 0-1

[Event "Madrid ch 2004 - Final"]
[Site "Madrid ESP"]
[Date "2004.03.18"]
[Round "5.4"]
[White "Martin Rueda, Daniel"]
[Black "Estrada Martinez, Cesar"]
[Result "1/2-1/2"]
[WhiteElo "2274"]
[BlackElo "2184"]
[PlyCount "68"]
[EventDate "2004.03.09"]
[EventType "tourn"]
[EventRounds "11"]
[EventCountry "ESP"]
[EventCategory "2"]
[Source "lmi"]
[SourceDate "2004.03.09"]

1. Nf3 c5 2. g3 Nc6 3. Bg2 g6 4. O-O Bg7 5. d3 Nf6 6. e4 O-O 7. c3 d6 8. Re1
Bg4 9. h3 Bxf3 10. Qxf3 Rb8 11. Qe2 Qc7 12. f4 Nd7 13. Qf3 e6 14. a4 a6 15. Nd2
Rbc8 16. Qf2 b5 17. Nf3 Nb6 18. axb5 axb5 19. g4 Rfe8 20. f5 exf5 21. gxf5 Ne5
22. Nxe5 dxe5 23. Qh4 Qd8 24. Bg5 f6 25. fxg6 hxg6 26. Bh6 Qe7 27. Ra6 Nd7 28.
Rea1 Rc7 29. Be3 Nf8 30. Qg3 Qd7 31. Bf1 Re6 32. Ra8 Re8 33. R8a6 Re6 34. Ra8
Re8 1/2-1/2

[Event "Madrid ch 2004 - Final"]
[Site "Madrid ESP"]
[Date "2004.03.18"]
[Round "5.5"]
[White "Moreno Ruiz, Javier"]
[Black "Serrano Salvador, Eduardo"]
[Result "1/2-1/2"]
[WhiteElo "2455"]
[BlackElo "2241"]
[PlyCount "86"]
[EventDate "2004.03.09"]
[EventType "tourn"]
[EventRounds "11"]
[EventCountry "ESP"]
[EventCategory "2"]
[Source "lmi"]
[SourceDate "2004.03.09"]

1. d4 d5 2. c4 c6 3. Nc3 e6 4. e3 Nf6 5. Nf3 Nbd7 6. Bd3 Bd6 7. e4 dxe4 8. Nxe4
Nxe4 9. Bxe4 O-O 10. O-O h6 11. Bc2 e5 12. a3 exd4 13. Qxd4 Bc5 14. Qf4 Nf6 15.
b4 Bd6 16. Qh4 Ng4 17. Qxd8 Rxd8 18. Bb2 Be7 19. Rfe1 Bf6 20. Bxf6 Nxf6 21.
Rad1 Be6 22. c5 Rxd1 23. Rxd1 Bg4 24. Rd3 Bf5 25. Rd2 Bxc2 26. Rxc2 a5 27. Rb2
axb4 28. Rxb4 Rxa3 29. h3 Rc3 30. Rxb7 Rxc5 31. Rb8+ Kh7 32. Rf8 Rc1+ 33. Kh2
Ne4 34. Rxf7 Nxf2 35. Ne5 Rh1+ 36. Kg3 Ne4+ 37. Kf4 Nd2 38. Rc7 Rg1 39. Kg3 c5
40. Kh2 Ra1 41. Rxc5 Nf1+ 42. Kg1 Ng3+ 43. Kh2 Nf1+ 1/2-1/2

[Event "Madrid ch 2004 - Final"]
[Site "Madrid ESP"]
[Date "2004.03.18"]
[Round "5.6"]
[White "Longa Yauca, Javier"]
[Black "Vazquez, Renier"]
[Result "1/2-1/2"]
[WhiteElo "2353"]
[BlackElo "2435"]
[PlyCount "52"]
[EventDate "2004.03.09"]
[EventType "tourn"]
[EventRounds "11"]
[EventCountry "ESP"]
[EventCategory "2"]
[Source "lmi"]
[SourceDate "2004.03.09"]

1. d4 Nf6 2. c4 g6 3. Nc3 Bg7 4. e4 d6 5. g3 O-O 6. Bg2 c5 7. Nf3 Bg4 8. d5 e6
9. h3 Bxf3 10. Qxf3 exd5 11. cxd5 b5 12. O-O b4 13. Nb1 Re8 14. Qd3 Nbd7 15.
Qc2 Rc8 16. Bf4 Nh5 17. Be3 c4 18. g4 Nhf6 19. Nd2 Nb6 20. Rad1 Nfd7 21. Nf3
Ne5 22. Nd4 Qd7 23. Qe2 Na4 24. Qc2 Nd3 25. Rb1 Nf4 26. Rfd1 Nd3 1/2-1/2

[Event "Madrid ch 2004 - Final"]
[Site "Madrid ESP"]
[Date "2004.03.23"]
[Round "6.1"]
[White "Roa Alonso, Santiago"]
[Black "Vazquez, Renier"]
[Result "1/2-1/2"]
[WhiteElo "2344"]
[BlackElo "2435"]
[PlyCount "44"]
[EventDate "2004.03.09"]
[EventType "tourn"]
[EventRounds "11"]
[EventCountry "ESP"]
[EventCategory "2"]
[Source "lmi"]
[SourceDate "2004.03.09"]

1. g3 g6 2. Bg2 Bg7 3. Nf3 Nf6 4. c4 O-O 5. Nc3 c6 6. d4 d5 7. cxd5 cxd5 8. Ne5
e6 9. O-O Nfd7 10. f4 Nc6 11. Kh1 Ne7 12. b3 f6 13. Nf3 Nb6 14. a4 a5 15. Ba3
Bd7 16. Qd3 Bc6 17. Rac1 Nbc8 18. Nb5 Qd7 19. Rc2 Rd8 20. g4 Na7 21. Nxa7 Rxa7
22. Bc5 Ra6 1/2-1/2

[Event "Madrid ch 2004 - Final"]
[Site "Madrid ESP"]
[Date "2004.03.23"]
[Round "6.2"]
[White "Serrano Salvador, Eduardo"]
[Black "Longa Yauca, Javier"]
[Result "1-0"]
[WhiteElo "2241"]
[BlackElo "2353"]
[PlyCount "81"]
[EventDate "2004.03.09"]
[EventType "tourn"]
[EventRounds "11"]
[EventCountry "ESP"]
[EventCategory "2"]
[Source "lmi"]
[SourceDate "2004.03.09"]

1. d4 Nf6 2. Nf3 e6 3. c4 b6 4. a3 Bb7 5. Nc3 d5 6. cxd5 Nxd5 7. Qc2 Nxc3 8.
bxc3 Nd7 9. e4 c5 10. Bf4 cxd4 11. cxd4 Rc8 12. Qb3 Be7 13. Bd3 O-O 14. O-O Nf6
15. Rfe1 Nh5 16. Be3 Qc7 17. Ne5 Nf6 18. Rac1 Qb8 19. Bc4 Qd6 20. f3 Qxa3 21.
Bxe6 fxe6 22. Qxe6+ Kh8 23. Ra1 Qd6 24. Nf7+ Rxf7 25. Qxf7 Rf8 26. Qa2 Qd7 27.
Qxa7 b5 28. Reb1 b4 29. Qb6 Qc6 30. Qxc6 Bxc6 31. Ra7 Re8 32. Bd2 Bf8 33. Rc7
Ba4 34. Bxb4 Rb8 35. Rcc1 Bxb4 36. Rc4 Bd7 37. Rcxb4 Rf8 38. Rb8 Be8 39. Rd8
Kg8 40. e5 Nd7 41. Rb7 1-0

[Event "Madrid ch 2004 - Final"]
[Site "Madrid ESP"]
[Date "2004.03.23"]
[Round "6.3"]
[White "Estrada Martinez, Cesar"]
[Black "Moreno Ruiz, Javier"]
[Result "1/2-1/2"]
[WhiteElo "2184"]
[BlackElo "2455"]
[PlyCount "63"]
[EventDate "2004.03.09"]
[EventType "tourn"]
[EventRounds "11"]
[EventCountry "ESP"]
[EventCategory "2"]
[Source "lmi"]
[SourceDate "2004.03.09"]

1. Nf3 Nf6 2. d4 g6 3. Bf4 Bg7 4. e3 O-O 5. Be2 c5 6. c3 d6 7. dxc5 dxc5 8.
Qxd8 Rxd8 9. O-O Nh5 10. Be5 Bf8 11. c4 Nc6 12. Bc3 f6 13. Nbd2 e5 14. Rfd1 Be6
15. h3 Be7 16. b3 Ng7 17. Ne1 f5 18. Nf1 b6 19. Rxd8+ Rxd8 20. Rd1 Bd6 21. g4
h6 22. Ng3 Kf7 23. Kg2 Ke7 24. Bf3 Bd7 25. Nc2 Rf8 26. gxf5 Nxf5 27. Nxf5+ gxf5
28. Bd5 Nd8 29. Ne1 e4 30. Bg7 Re8 31. Bxh6 Ne6 32. h4 1/2-1/2

[Event "Madrid ch 2004 - Final"]
[Site "Madrid ESP"]
[Date "2004.03.23"]
[Round "6.4"]
[White "Perez Gonzalez, Jose Manuel"]
[Black "Martin Rueda, Daniel"]
[Result "1/2-1/2"]
[WhiteElo "2303"]
[BlackElo "2274"]
[PlyCount "31"]
[EventDate "2004.03.09"]
[EventType "tourn"]
[EventRounds "11"]
[EventCountry "ESP"]
[EventCategory "2"]
[Source "lmi"]
[SourceDate "2004.03.09"]

1. e4 c5 2. Nf3 e6 3. d4 cxd4 4. Nxd4 Nc6 5. Nc3 a6 6. Be2 d6 7. Be3 Nf6 8. O-O
Be7 9. f4 O-O 10. Bf3 Qc7 11. Qe1 Nxd4 12. Bxd4 e5 13. Be3 exf4 14. Bxf4 Be6
15. Kh1 Nd7 16. Rd1 1/2-1/2

[Event "Madrid ch 2004 - Final"]
[Site "Madrid ESP"]
[Date "2004.03.23"]
[Round "6.5"]
[White "Nuñez Garcia, Alberto "]
[Black "Rodriguez Gonzalez, Javier"]
[Result "1-0"]
[WhiteElo "2205"]
[BlackElo "2252"]
[PlyCount "61"]
[EventDate "2004.03.09"]
[EventType "tourn"]
[EventRounds "11"]
[EventCountry "ESP"]
[EventCategory "2"]
[Source "lmi"]
[SourceDate "2004.03.09"]

1. e4 e6 2. d4 d5 3. Nc3 Bb4 4. e5 c5 5. a3 Ba5 6. b4 cxd4 7. Qg4 Ne7 8. bxa5
dxc3 9. Qxg7 Rg8 10. Qxh7 Nbc6 11. Nf3 Qc7 12. Bf4 Bd7 13. a6 O-O-O 14. axb7+
Qxb7 15. Qd3 Qb2 16. Qd1 Kc7 17. Bd3 Rg4 18. Rb1 Qa2 19. g3 Ng6 20. Bxg6 Rxg6
21. O-O Qc4 22. Be3 d4 23. Nxd4 Nxe5 24. Bf4 f6 25. Rb4 Qc5 26. Qh5 Rg5 27. Qf7
Qd5 28. Qxf6 Rh5 29. Re1 Bc6 30. Bxe5+ Kc8 31. Rb8+ 1-0

[Event "Madrid ch 2004 - Final"]
[Site "Madrid ESP"]
[Date "2004.03.23"]
[Round "6.6"]
[White "Gallardo Garcia, Andres"]
[Black "Lopez de Turiso, Jose Angel"]
[Result "1-0"]
[WhiteElo "2297"]
[BlackElo "2149"]
[PlyCount "99"]
[EventDate "2004.03.09"]
[EventType "tourn"]
[EventRounds "11"]
[EventCountry "ESP"]
[EventCategory "2"]
[Source "lmi"]
[SourceDate "2004.03.09"]

1. e4 e5 2. Nf3 f5 3. Nxe5 Nc6 4. Nxc6 dxc6 5. d4 Qe7 6. e5 Be6 7. Bd3 O-O-O 8.
O-O g5 9. Nd2 Qg7 10. Nb3 Nh6 11. Qe2 Be7 12. Bd2 Rhf8 13. Bc4 Qf7 14. Bxe6+
Qxe6 15. f4 Rg8 16. c3 g4 17. Be1 Nf7 18. Bf2 h5 19. Nc5 Bxc5 20. dxc5 Rd7 21.
Bh4 Nd8 22. Rad1 Rgg7 23. b3 Rxd1 24. Rxd1 Rd7 25. Rd3 Rxd3 26. Qxd3 Qd7 27.
Qxd7+ Kxd7 28. Bxd8 Kxd8 29. Kf2 h4 30. h3 g3+ 31. Ke3 Kd7 32. Kd4 Ke6 33. Kc4
Ke7 34. Kb4 Ke6 35. c4 Kd7 36. Ka5 a6 37. b4 Ke7 38. b5 cxb5 39. cxb5 axb5 40.
Kxb5 Ke6 41. c6 b6 42. Ka6 Kd5 43. Kb7 Ke4 44. e6 Ke3 45. e7 Kf2 46. e8=Q Kxg2
47. Qe2+ Kh1 48. Qe1+ Kh2 49. Kxc7 g2 50. Kxb6 1-0

[Event "Madrid ch 2004 - Final"]
[Site "Madrid ESP"]
[Date "2004.03.24"]
[Round "7.1"]
[White "Lopez de Turiso, Jose Angel"]
[Black "Roa Alonso, Santiago"]
[Result "0-1"]
[WhiteElo "2149"]
[BlackElo "2344"]
[PlyCount "58"]
[EventDate "2004.03.09"]
[EventType "tourn"]
[EventRounds "11"]
[EventCountry "ESP"]
[EventCategory "2"]
[Source "lmi"]
[SourceDate "2004.03.09"]

1. d4 Nf6 2. c4 c5 3. Nf3 cxd4 4. Nxd4 b6 5. Nc3 Bb7 6. Bg5 d6 7. f3 Nbd7 8.
Qa4 e6 9. e4 a6 10. Be2 Rc8 11. O-O Be7 12. Be3 O-O 13. Rac1 Re8 14. Qd1 Bf8
15. g4 g6 16. Qd2 h5 17. h3 hxg4 18. hxg4 d5 19. cxd5 exd5 20. g5 Nh5 21. Nxd5
Rxc1 22. Rxc1 Bxd5 23. exd5 Bb4 24. Qxb4 Rxe3 25. Kf2 Nf4 26. Qd6 Re5 27. Rc7
Qxg5 28. Rxd7 Qg2+ 29. Ke1 Rxe2+ 0-1

[Event "Madrid ch 2004 - Final"]
[Site "Madrid ESP"]
[Date "2004.03.24"]
[Round "7.2"]
[White "Rodriguez Gonzalez, Javier"]
[Black "Gallardo Garcia, Andres"]
[Result "1/2-1/2"]
[WhiteElo "2252"]
[BlackElo "2297"]
[PlyCount "27"]
[EventDate "2004.03.09"]
[EventType "tourn"]
[EventRounds "11"]
[EventCountry "ESP"]
[EventCategory "2"]
[Source "lmi"]
[SourceDate "2004.03.09"]

1. d4 Nf6 2. Bg5 e6 3. e3 h6 4. Bh4 c5 5. c3 b6 6. Nf3 Bb7 7. Nbd2 Be7 8. Bd3
Nc6 9. O-O O-O 10. Re1 cxd4 11. exd4 Nh5 12. Bxe7 Qxe7 13. Bf1 Nf6 14. Rc1
1/2-1/2

[Event "Madrid ch 2004 - Final"]
[Site "Madrid ESP"]
[Date "2004.03.24"]
[Round "7.3"]
[White "Martin Rueda, Daniel"]
[Black "Nuñez Garcia, Alberto "]
[Result "1-0"]
[WhiteElo "2274"]
[BlackElo "2205"]
[PlyCount "69"]
[EventDate "2004.03.09"]
[EventType "tourn"]
[EventRounds "11"]
[EventCountry "ESP"]
[EventCategory "2"]
[Source "lmi"]
[SourceDate "2004.03.09"]

1. e4 d5 2. exd5 Qxd5 3. Nc3 Qd8 4. d4 Nf6 5. Bc4 c6 6. Nf3 Bf5 7. Ne5 e6 8. g4
Bg6 9. h4 Bb4 10. h5 Be4 11. Rh3 Bg2 12. Rg3 Ne4 13. Rxg2 Nxc3 14. Qf3 Qf6 15.
a3 Nb5+ 16. axb4 Nxd4 17. Qe4 Qxe5 18. Qxe5 Nf3+ 19. Kf1 Nxe5 20. Be2 O-O 21.
Be3 a6 22. f4 Ned7 23. Bf3 Nf6 24. c4 Rd8 25. g5 Ne8 26. Bb6 Rd6 27. Bc5 Rd8
28. b3 Nd7 29. Be7 Rdc8 30. Rd2 Rc7 31. Kf2 Ne5 32. Bc5 Rd7 33. Rad1 Rad8 34.
Rxd7 Rxd7 35. fxe5 1-0

[Event "Madrid ch 2004 - Final"]
[Site "Madrid ESP"]
[Date "2004.03.24"]
[Round "7.4"]
[White "Moreno Ruiz, Javier"]
[Black "Perez Gonzalez, Jose Manuel"]
[Result "1-0"]
[WhiteElo "2455"]
[BlackElo "2303"]
[PlyCount "103"]
[EventDate "2004.03.09"]
[EventType "tourn"]
[EventRounds "11"]
[EventCountry "ESP"]
[EventCategory "2"]
[Source "lmi"]
[SourceDate "2004.03.09"]

1. d4 d6 2. c4 g6 3. e4 Bg7 4. Nc3 Nf6 5. f3 O-O 6. Bg5 c5 7. d5 e6 8. Qd2 exd5
9. cxd5 a6 10. a4 Qa5 11. Ra3 Nbd7 12. Nh3 Re8 13. Be2 Rb8 14. Nf2 Qc7 15. O-O
c4 16. Be3 b5 17. axb5 axb5 18. b4 Nf8 19. Ra5 Bd7 20. Rfa1 Rb7 21. Ra6 Reb8
22. f4 Ne8 23. Bf3 Qd8 24. R1a3 Bc8 25. R6a5 Bf6 26. Ne2 Bd7 27. Nd4 Qc7 28.
Nd1 Bd8 29. Nc3 Qc8 30. Ra6 Nc7 31. Ra7 Rxa7 32. Rxa7 Na6 33. Nc2 Bb6 34. Qf2
Bxe3 35. Qxe3 Nc7 36. Qd4 Ne8 37. Ra5 Ra8 38. Qb6 Qc7 39. Qxc7 Nxc7 40. Rxa8
Nxa8 41. e5 dxe5 42. fxe5 Nb6 43. Kf2 g5 44. Ke3 Ng6 45. Kd4 Be8 46. Be4 Nf8
47. Na3 Na4 48. Naxb5 Bxb5 49. Nxb5 Nd7 50. Na3 c3 51. Bf5 Ndb6 52. d6 1-0

[Event "Madrid ch 2004 - Final"]
[Site "Madrid ESP"]
[Date "2004.03.24"]
[Round "7.5"]
[White "Longa Yauca, Javier"]
[Black "Estrada Martinez, Cesar"]
[Result "1-0"]
[WhiteElo "2353"]
[BlackElo "2184"]
[PlyCount "67"]
[EventDate "2004.03.09"]
[EventType "tourn"]
[EventRounds "11"]
[EventCountry "ESP"]
[EventCategory "2"]
[Source "lmi"]
[SourceDate "2004.03.09"]

1. d4 Nf6 2. c4 e6 3. Nf3 d5 4. Nc3 c6 5. Bg5 Nbd7 6. e3 Qa5 7. Nd2 dxc4 8.
Bxf6 Nxf6 9. Nxc4 Qd8 10. Qb3 Be7 11. Be2 O-O 12. O-O b6 13. Bf3 Bb7 14. Rfd1
Qc7 15. Rac1 Rac8 16. e4 Qb8 17. e5 Nd7 18. Ne4 c5 19. Ned6 Bxf3 20. Nxc8 Bg5
21. Qxf3 Qxc8 22. Rc3 cxd4 23. Rxd4 Nc5 24. Qh5 f6 25. g3 fxe5 26. Nxe5 Bf6 27.
b4 Qb8 28. Re3 Nb7 29. Rd7 Qc8 30. Rf3 Nd8 31. Rxf6 Rxf6 32. Qe8+ Rf8 33. Qe7
Nf7 34. Qxe6 1-0

[Event "Madrid ch 2004 - Final"]
[Site "Madrid ESP"]
[Date "2004.03.24"]
[Round "7.6"]
[White "Vazquez, Renier"]
[Black "Serrano Salvador, Eduardo"]
[Result "1-0"]
[WhiteElo "2435"]
[BlackElo "2241"]
[PlyCount "63"]
[EventDate "2004.03.09"]
[EventType "tourn"]
[EventRounds "11"]
[EventCountry "ESP"]
[EventCategory "2"]
[Source "lmi"]
[SourceDate "2004.03.09"]

1. e4 c5 2. Nf3 a6 3. c3 d5 4. exd5 Qxd5 5. d4 Nf6 6. Be2 Bg4 7. h3 Bh5 8. c4
Qd8 9. d5 e6 10. Ne5 Bxe2 11. Qxe2 Bd6 12. dxe6 fxe6 13. O-O O-O 14. Re1 Qc7
15. Nc3 Kh8 16. Bg5 Nc6 17. Nxc6 Qxc6 18. Rad1 Rae8 19. b3 Bb8 20. Bh4 Nd7 21.
Qe4 Qc8 22. Qe3 Bf4 23. Qe2 Ne5 24. Ne4 Qc7 25. Bg3 Ng6 26. Bxf4 Qxf4 27. Nxc5
e5 28. Qe3 Qf7 29. Nd7 Rg8 30. Qg3 Qe7 31. Rd5 Rd8 32. Nxe5 1-0

[Event "Madrid ch 2004 - Final"]
[Site "Madrid ESP"]
[Date "2004.03.25"]
[Round "8.1"]
[White "Roa Alonso, Santiago"]
[Black "Serrano Salvador, Eduardo"]
[Result "1-0"]
[WhiteElo "2344"]
[BlackElo "2241"]
[PlyCount "71"]
[EventDate "2004.03.09"]
[EventType "tourn"]
[EventRounds "11"]
[EventCountry "ESP"]
[EventCategory "2"]
[Source "lmi"]
[SourceDate "2004.03.09"]

1. Nf3 d5 2. c4 c6 3. b3 Nf6 4. g3 e6 5. Bg2 Nbd7 6. Bb2 Be7 7. O-O O-O 8. d3
a5 9. Nc3 Re8 10. Qc2 dxc4 11. dxc4 Qc7 12. Rad1 Bf8 13. Ng5 h6 14. Nge4 Nxe4
15. Nxe4 e5 16. c5 Be7 17. Nd6 Bxd6 18. Rxd6 Nb8 19. f4 exf4 20. gxf4 Re3 21.
f5 f6 22. Bd4 Re7 23. e4 Nd7 24. Rd1 Kh7 25. Qf2 Nf8 26. e5 fxe5 27. f6 Rf7 28.
Bxe5 g6 29. Qh4 Bf5 30. Bf4 h5 31. Re1 Nd7 32. Re7 Rxe7 33. fxe7 Qc8 34. Qg5
Qe8 35. Bc1 b5 36. cxb6 1-0

[Event "Madrid ch 2004 - Final"]
[Site "Madrid ESP"]
[Date "2004.03.25"]
[Round "8.2"]
[White "Estrada Martinez, Cesar"]
[Black "Vazquez, Renier"]
[Result "0-1"]
[WhiteElo "2184"]
[BlackElo "2435"]
[PlyCount "58"]
[EventDate "2004.03.09"]
[EventType "tourn"]
[EventRounds "11"]
[EventCountry "ESP"]
[EventCategory "2"]
[Source "lmi"]
[SourceDate "2004.03.09"]

1. Nf3 Nf6 2. d4 g6 3. Bf4 Bg7 4. e3 d6 5. Be2 O-O 6. O-O Nfd7 7. e4 Nc6 8. c3
e5 9. Be3 h6 10. dxe5 dxe5 11. Bb5 Ncb8 12. Qb3 Kh7 13. Rd1 Qe8 14. Nbd2 f5 15.
Qa3 b6 16. exf5 gxf5 17. Re1 Bb7 18. Qa4 a6 19. Bxd7 Qxd7 20. Qxd7 Nxd7 21. Nb3
a5 22. Rad1 Bc6 23. Bc1 Rae8 24. Re2 a4 25. Nbd2 Nc5 26. Nf1 Bb5 27. Rc2 Bd3
28. Rcd2 Bc4 29. a3 f4 0-1

[Event "Madrid ch 2004 - Final"]
[Site "Madrid ESP"]
[Date "2004.03.25"]
[Round "8.3"]
[White "Perez Gonzalez, Jose Manuel"]
[Black "Longa Yauca, Javier"]
[Result "1/2-1/2"]
[WhiteElo "2303"]
[BlackElo "2353"]
[PlyCount "77"]
[EventDate "2004.03.09"]
[EventType "tourn"]
[EventRounds "11"]
[EventCountry "ESP"]
[EventCategory "2"]
[Source "lmi"]
[SourceDate "2004.03.09"]

1. e4 e5 2. Nf3 Nf6 3. Bc4 Nc6 4. d4 exd4 5. e5 d5 6. Bb5 Ne4 7. Nxd4 Bd7 8.
Bxc6 bxc6 9. O-O Qh4 10. f3 Ng5 11. f4 Ne4 12. Be3 Bc5 13. Nd2 Bxd4 14. Bxd4
Bg4 15. Qc1 Bf5 16. Nxe4 Bxe4 17. Qd2 h5 18. f5 Qe7 19. Qc3 Qd7 20. e6 fxe6 21.
fxe6 Qxe6 22. Bxg7 Rg8 23. Rf6 Qd7 24. Raf1 O-O-O 25. Rf7 Qg4 26. R1f2 Rd7 27.
h3 Qg6 28. Rf8+ Rd8 29. Rxd8+ Rxd8 30. Be5 Re8 31. Qg3 Bxc2 32. Bxc7 Qxg3 33.
Bxg3 Be4 34. Bd6 Kd7 35. Bc5 a5 36. Rf8 Re6 37. Rf7+ Kc8 38. Rf8+ Kd7 39. Rf7+
1/2-1/2

[Event "Madrid ch 2004 - Final"]
[Site "Madrid ESP"]
[Date "2004.03.25"]
[Round "8.4"]
[White "Nuñez Garcia, Alberto "]
[Black "Moreno Ruiz, Javier"]
[Result "0-1"]
[WhiteElo "2205"]
[BlackElo "2455"]
[PlyCount "80"]
[EventDate "2004.03.09"]
[EventType "tourn"]
[EventRounds "11"]
[EventCountry "ESP"]
[EventCategory "2"]
[Source "lmi"]
[SourceDate "2004.03.09"]

1. e4 e6 2. d4 d5 3. Nc3 Bb4 4. e5 c5 5. a3 Bxc3+ 6. bxc3 Ne7 7. Qg4 O-O 8. Bd3
f5 9. exf6 Rxf6 10. Qh5 h6 11. Nf3 Nbc6 12. O-O c4 13. Be2 Bd7 14. Rb1 b6 15.
Ne5 Nxe5 16. Qxe5 Ng6 17. Qg3 Ba4 18. Rb2 Qe7 19. Bh5 Kh7 20. Re1 Raf8 21.
Bxg6+ Rxg6 22. Qe5 Qh4 23. g3 Rf5 24. Qc7 Rh5 25. Kf1 Qxh2 26. Be3 Rf5 27. Ke2
e5 28. Kd1 e4 29. Qxa7 b5 30. Qd7 Rxf2 31. Bxf2 Qxf2 32. Re2 Qf1+ 33. Re1 Qf3+
34. Kc1 e3 35. Qe7 Rxg3 36. Qe6 Qf2 37. Kb1 Qxe1+ 38. Ka2 Qf2 39. Qe5 e2 40.
Rb1 Bxc2 0-1

[Event "Madrid ch 2004 - Final"]
[Site "Madrid ESP"]
[Date "2004.03.25"]
[Round "8.5"]
[White "Gallardo Garcia, Andres"]
[Black "Martin Rueda, Daniel"]
[Result "0-1"]
[WhiteElo "2297"]
[BlackElo "2274"]
[PlyCount "70"]
[EventDate "2004.03.09"]
[EventType "tourn"]
[EventRounds "11"]
[EventCountry "ESP"]
[EventCategory "2"]
[Source "lmi"]
[SourceDate "2004.03.09"]

1. e4 c5 2. Nf3 e6 3. d4 cxd4 4. Nxd4 a6 5. Nc3 b5 6. g3 Bb7 7. Bg2 Nf6 8. a3
d6 9. O-O Nbd7 10. Re1 Qc7 11. Bg5 Be7 12. a4 bxa4 13. Rxa4 O-O 14. Nb3 Nb6 15.
Ra2 Nc4 16. Qa1 Rfc8 17. Na5 Nxa5 18. Rxa5 h6 19. Bf4 Nd7 20. Rd1 Ne5 21. Ra4
Bf6 22. Rb4 Nc4 23. Rxb7 Qxb7 24. e5 Qxb2 25. exf6 d5 26. fxg7 Qxc2 27. Rc1 Qd3
28. Na4 Qg6 29. Rxc4 Rxc4 30. Nb6 Rb4 31. Nxa8 Rb1+ 32. Qxb1 Qxb1+ 33. Bf1 a5
34. Nc7 a4 35. Ne8 Qb2 0-1

[Event "Madrid ch 2004 - Final"]
[Site "Madrid ESP"]
[Date "2004.03.25"]
[Round "8.6"]
[White "Lopez de Turiso, Jose Angel"]
[Black "Rodriguez Gonzalez, Javier"]
[Result "1/2-1/2"]
[WhiteElo "2149"]
[BlackElo "2252"]
[PlyCount "84"]
[EventDate "2004.03.09"]
[EventType "tourn"]
[EventRounds "11"]
[EventCountry "ESP"]
[EventCategory "2"]
[Source "lmi"]
[SourceDate "2004.03.09"]

1. c4 e5 2. Nc3 Nf6 3. Nf3 Nc6 4. e3 Be7 5. d4 exd4 6. Nxd4 O-O 7. Be2 d6 8.
Nxc6 bxc6 9. Bf3 Bb7 10. O-O Nd7 11. b3 Ne5 12. Be2 f5 13. f4 Nd7 14. Bf3 Bf6
15. Bb2 Qe7 16. Qd2 Nc5 17. Rfe1 Rae8 18. e4 fxe4 19. Nxe4 Nxe4 20. Rxe4 Qf7
21. Bxf6 Qxf6 22. Rxe8 Rxe8 23. Re1 Rxe1+ 24. Qxe1 Qd4+ 25. Qf2 Qa1+ 26. Qf1
Qxa2 27. Qe1 Kf7 28. Bh5+ g6 29. Bg4 Qb2 30. Qe6+ Kf8 31. f5 Qd4+ 32. Kf1 Qg7
33. Qe4 Qf6 34. Kg1 Kg7 35. fxg6 hxg6 36. h3 Kf7 37. Bd7 d5 38. cxd5 cxd5 39.
Qe8+ Kg7 40. Be6 d4 41. Bc4 Bc6 42. Qb8 Qe5 1/2-1/2

[Event "Madrid ch 2004 - Final"]
[Site "Madrid ESP"]
[Date "2004.03.26"]
[Round "9.1"]
[White "Rodriguez Gonzalez, Javier"]
[Black "Roa Alonso, Santiago"]
[Result "1/2-1/2"]
[WhiteElo "2252"]
[BlackElo "2344"]
[PlyCount "36"]
[EventDate "2004.03.09"]
[EventType "tourn"]
[EventRounds "11"]
[EventCountry "ESP"]
[EventCategory "2"]
[Source "lmi"]
[SourceDate "2004.03.09"]

1. d4 g6 2. e4 d6 3. Bd3 Bg7 4. Ne2 Nf6 5. O-O O-O 6. h3 c5 7. c3 cxd4 8. cxd4
Nc6 9. Nbc3 b6 10. Be3 Bb7 11. Qd2 Re8 12. f4 e6 13. Rad1 Ne7 14. Ng3 Qd7 15.
Qf2 Rac8 16. Bc1 Rf8 17. Bb1 Kh8 18. Kh2 Nfg8 1/2-1/2